000
00309nam a22001217a 4500
008
160420b xxu||||| |||| 00| 0 eng d
020
_a
9780763754129
020
_a
0763754129
041
_a
eng
080
_a
618.2
245
1
0
_a
Professional nursing concepts:
_c
Anita Finkelman; Carole Kenner;
942
_2
udc
_c
BK
999
_c
1448
_d
1448